000
00334nam a22001457a 4500
008
230317b ||||| |||| 00| 0 eng d
020
_a
9780766806306
041
_a
eng
080
_2
FIRST EDITION
_a
610.73
082
_a
610.73PIC
100
_a
8
101
_a
INF
245
_a
DOSAGE CALCULATIONS
_c
PICKAR .D.G
942
_2
udc
_c
BK
999
_c
59374
_d
59374